000 nam a22 7a 4500
999 _c9475
_d9475
008 180131b ||||| |||| 00| 0 eng d
100 _aNaib, N
_95672
245 _aTogether mental mathematics -IV
260 _aNew Delhi
_bRachna publication
_c2007